000 012020000a22002050004500
041 0 _aSPA
082 0 4 _aG 266.0089 O524p
100 1 _aOlson, Bruce
245 1 0 _aPor ésta cruz te mataré / Bruce Olson ; Edwin Sipowicz, Traductor
260 _aMiami, Florida, USA : Vida
300 _a219 p.
500 _aTítulo original : For this cross I'll kill you
505 0 0 _aDe vuelta en la selva -- ¿Quién es mi Dios? -- Conflicto -- ¿Misionero? -- Mi primer encuentro con los indígenas -- Una ayuda de último momento -- Comunista -- Al borde de la muerte -- Soborno -- Una terrible recepción -- Entrando y saliendo de la civilización -- Una espera impaciente -- Desaliento -- Un pacto de hermanos -- Confundido con un caníbal -- Colaborando con la médica bruja -- Jesús, el motilón -- La noche del tigre -- Milagros de todos los días -- Como David y Jonatán -- Gloria -- Casi aniquilados -- El remolino -- Más alla del horizonte
650 1 4 _aMISIONES \ MISIONEROS - HISTORIAS \ MISIONES - AMERICA LATINA \ GRUPOS ETNICOS - MISIONES
001 5440
942 _cBK
999 _c35840
_d35840
336 _atexto
_btxt
_2rdacontent
337 _2rdamedia
_asin mediación
_bn
338 _2rdacarrier
_avolumen
_bnc